书目信息 |
| 题名: |
好孩子是如何教出来的
|
|
| 作者: | 闻君 , 金波 编著 | |
| 分册: | ||
| 出版信息: | 北京 北京工业大学出版社 2006.12 |
|
| 页数: | 277页 | |
| 开本: | 24cm | |
| 丛书名: | ||
| 单 册: | ||
| 中图分类: | G78 | |
| 科图分类: | ||
| 主题词: | 家庭教育--jia ting jiao yu | |
| 电子资源: | ||
| ISBN: | 7-5639-1723-3 | |
| 000 | 00780nam0 2200229 450 | |
| 001 | 012007796562 | |
| 005 | 20070929093717.07 | |
| 010 | @a7-5639-1723-3@dCNY28.00 | |
| 100 | @a20070724d2006 km y0chiy0120 ea | |
| 101 | 0 | @achi |
| 102 | @aCN@b110000 | |
| 105 | @ay z 000yy | |
| 200 | 1 | @a好孩子是如何教出来的@Ahao hai zi shi ru he jiao chu lai de@f闻君, 金波编著@Fwen jun,jin bo bian zhu |
| 210 | @a北京@c北京工业大学出版社@d2006.12 | |
| 215 | @a277页@d24cm | |
| 330 | @a本书内容包括:及早发现孩子的智力潜能,抓住智力开发的关键期,通过游戏开发孩子的智能,鼓励孩子从小爱读书,让孩子对学习感兴趣等。 | |
| 606 | 0 | @a家庭教育@Ajia ting jiao yu |
| 690 | @aG78@v4 | |
| 701 | 0 | @a闻君@Awen jun@4编著 |
| 701 | 0 | @a金波@Ajin bo@4编著 |
| 801 | 0 | @aCN@c20070929 |
| 905 | @dG78@eW679 | |
| 好孩子是如何教出来的/闻君, 金波编著.-北京:北京工业大学出版社,2006.12 |
| 277页;24cm |
| ISBN 7-5639-1723-3:CNY28.00 |
| 本书内容包括:及早发现孩子的智力潜能,抓住智力开发的关键期,通过游戏开发孩子的智能,鼓励孩子从小爱读书,让孩子对学习感兴趣等。 |
| ● |
| 相关链接 |
|
|
|
正题名:好孩子是如何教出来的
索取号:G78/W679
 
预约/预借
| 序号 | 登录号 | 条形码 | 馆藏地/架位号 | 状态 | 备注 |
| 1 | 249111 | 202491115 | 社科库409/ [索取号:G78/W679] | 在馆 | |
| 2 | 249112 | 202491124 | 社科库409/ [索取号:G78/W679] | 在馆 |